00410nam a2200145Ia 4500008004100000041000900041082001900050100001000069245001500079260004100094300000800135650000800143999001700151952009600168230718s9999 xx 000 0 und d aEng. a346.002bIRF-M aIrfan 0aMinor Acts aPakistanbIrfan law Book Housec2011 a226 aLaw c27801d27801 00104070aSIRC-LbSIRC-Ld2023-07-18l0o346.002 IRF-Mp22753r2023-07-18w2023-07-18yBK